Morseovka - vyber správnou nápovědu (náhlá smrt/sudden death) - Statistics

General Stats
  • This quiz has been taken 13 times
  • The average score is 18 of 26
Answers on the Grid
Answers color-coded by a green-red scale on the quiz's grid according to % correct below.
almara
akát
asfalt
blýskavice
blázínek
bažinatý
cukrkandl
cílovníci
cucáci
dálava
drobečkové
dává
elév
Eva
erb
Filipíny
Francie
Fidži
gólman
grónská zem
guláš
holubí dům
hrachovina
hromobití
ibis
ibišek
ibis bílý
jéminkote
Jánošík
jasmín bílý
králevic
krákorá
kombajnisté
lední hokej
lívaneček
láska slepá
málo místa
mává
mouřenín
nepřichází
náhoda
národ
otevřel
ó náš pán
otok
papírníci
peláší
Pálava
kvílí orkán
Kvido kráčí
kvalitní kvas
rozmarýn
rarášek
ranní pošta
spává sám
sekera
sestra
truhlář
tón
topůrko
učený
úpí
úkaz
vyučený
vozíček
velký výr
WC ("wé cé") máme
Washingtonský
wagón klád
Xena v taxi
xylofony
Xénokratés
ý se ztrácí
inkoust černý
ypsilon znám
zelený
známá žena
zazpíváme
 
Answer Stats
Answer % Correct
akát
92%
blýskavice
92%
dálava
83%
erb
83%
cílovníci
75%
Filipíny
75%
grónská zem
75%
ibis
75%
jasmín bílý
75%
krákorá
75%
mává
75%
vyučený
75%
hrachovina
67%
kvílí orkán
67%
národ
67%
ó náš pán
67%
papírníci
67%
rarášek
67%
sekera
67%
učený
67%
známá žena
67%
lední hokej
58%
tón
58%
wagón klád
58%
Xénokratés
58%
ý se ztrácí
58%
No matching quizzes found
Score Distribution
Percent of People with Each Score
Percentile by Number Answered
Your Score History
You have not taken this quiz